Narrativas de resiliencia, regeneración y esperanza en futuros posibles : aproximación ecocrítica, ecofeminista e intercultural a la figura de las ecobrujas /

Detalles Bibliográficos
Otros Autores: Sotelo, Xiana (Editor)
Formato: Electrónico eBook
Lenguaje:español
Publicado: Madrid : Dykinson, S.L., [2025]
Materias:
Acceso en línea:Digitalia Hispánica

MARC

LEADER 00000nam a2200000 i 4500
001 DIGDYK4315
003 NyNyDIG
007 cr |||||||||||
008 251201s2025 sp ob 000 0 spa d
006 m o d
035 |a (OCoLC)1544722795 
040 |a DGITA  |b eng  |e rda  |e pn  |c DGITA 
020 |a 9791370065720  |q electrónico 
020 |z 9791370064075 
024 7 |a 10.14679/4224  |2 doi 
050 1 4 |a GR530 ebook 
245 0 0 |a Narrativas de resiliencia, regeneración y esperanza en futuros posibles :  |b aproximación ecocrítica, ecofeminista e intercultural a la figura de las ecobrujas /  |c Xiana Sotelo (editora). 
264 1 |a Madrid :  |b Dykinson, S.L.,  |c [2025] 
300 |a 1 online resource. 
336 |a text  |b txt  |2 rdacontent 
337 |a computer  |b c  |2 rdamedia 
338 |a online resource  |b cr  |2 rdacarrier 
347 |a text file  |2 rdaft 
347 |b PDF 
504 |a Includes bibliographical references. 
588 0 |a Online resource; title from PDF title page (Digitalia, viewed December 1, 2025) 
650 0 |a Witches  |v Folklore. 
650 0 |a Witchcraft. 
650 0 |a Witches in literature. 
651 0 |a Ecofeminism. 
700 1 |a Sotelo, Xiana,  |e editor. 
791 2 |a Digitalia (Firm),  |e distributor. 
793 0 |g Digitalia eBook Collection:  |a Dykinson Editorial 
776 0 8 |i Print version:  |t Narrativas de resiliencia, regeneración y esperanza en futuros posibles.  |d Madrid : Dykinson, S.L., [2025]  |z 9791370064075 
856 4 0 |3 Digitalia Hispánica  |u https://www.digitaliapublishing.com/a/182495/ 
910 |a Premium collection: 2025